Capital Cities Sharing First 3 Letters - Statistics

General Stats
  • This quiz has been taken 1,930 times
    1,909 since last reset
  • The average score is 30 of 48
Answer Stats
Answer % Correct
Abu Dhabi
90%
Brasília
89%
Kinshasa
87%
Prague
86%
Berlin
84%
Abuja
82%
Beirut
80%
Vienna
80%
Santiago
75%
Beijing
71%
San Jose
71%
Vientiane
71%
Paris
70%
Port-au-Prince
70%
Monaco
69%
San Salvador
67%
Belmopan
66%
Port Moresby
65%
Bishkek
63%
Port of Spain
63%
Santo Domingo
63%
Bangkok
62%
Bangui
60%
Malé
60%
Paramaribo
60%
Banjul
59%
Belgrade
59%
San Marino
59%
Port Louis
58%
Kingston
56%
Praia
56%
Bissau
55%
Bratislava
55%
Kingstown
55%
Managua
55%
Manila
55%
Bern
54%
Porto-Novo
53%
Port Vila
52%
Brazzaville
50%
Bandar Seri Begawan
48%
Montevideo
48%
Manama
44%
Malabo
43%
Monrovia
41%
Saint George's
40%
Saint John's
40%
Sana'a
40%
No matching quizzes found
Score Distribution
Percent of People with Each Score
Percentile by Number Answered
Your Score History
You have not taken this quiz since the last reset